LEADER 00820nam a2200205 4500 001 000000345648 003 CaOOAMICUS 005 20210429155542.0 008 210429s1917 it 000 u ita r 040 $aSeMil$bita 100 1 $aGemelli, Agostino,$c.$0(OLS)http://semarc/name/2238 245 13$aIl principio di nazionalità /$cfr. Agostino Gemelli. 264 1$aMilano :$bVita e Pensiero,$c1917. 300 $a42 p. ;$c25 cm 650 4$aItalia - Nazionalità - Concetto.$0(OLS)http://semarc/subject/46063 850 $aSeMil 852 $aSeMil$W1$xVenegono$y1$m5A III 1/21$j225879$B236706$CSeMilBibl$Z2$F236706 $81 996 $6245$aIl principio di nazionalità$9(OLS)http://semarc/title/434795 996 $6264$aMilano :$bVita e Pensiero$9(OLS)http://semarc/publisher/29642 LEADER 01014nam a2200193 i 4500 001 000000229702 003 CaOOAMICUS 005 20140515000000.0 008 140515s1742 it u000 u fre u 013 $a208604 026 $a0.V. 4.la o-e- gopl (3) 1742 (R) 040 $aSeMil$bita 245 10$aTome 2. 300 $a[4], 529, [3] p., [3] carte di tav. :$bill. 500 $aSegn. : pigreco2 A-Y12 Z2. 773 0 $aPrideaux, Humphrey <1648-1724>$tHistoire des Juifs et des peuples voisins. Depuis la decadence des Royaumes d'Israël & de Juda jusqu'à la mort de Jesus-Christ. Par M. Prideaux ... Traduite de l'anglois. Tome 1. [-6.].$bNouvelle édition divisée en six volumes, plus ample & plus correcte que les précédentes, ...$dA Paris : Chez Guillaume Cavelier pere, rue S. Jacques, près la Fontaine S. Severin, au Lys d'or, 1742.$g2$w()29893 850 $aSeMil 852 $aSeMil$W1$xVenegono$y1$m2V I 20 FA$j180048$B180048$CSeMilBibl$Z2$F191137 $8I 996 $6245$aTome 2$9(OLS)http://semarc/title/1533